MARC

LEADER 00000nam0a2200000 4500
001 283791
005 20231101235630.0
020 |a RU  |b 85-182ж 
035 |a (RuTPU)RU\TPU\book\307921 
090 |a 283791 
100 |a 20150210d1984 k y0rusy5003 ca 
101 0 |a rus 
102 |a RU 
105 |a a z 001zy 
200 1 |a Сравнительная характеристика эвапоритовых и карбонатных формаций  |f Академия наук СССР (АН СССР), Сибирское отделение (СО), Институт геологии и геофизики (ИГиГ) ; отв. ред. А. Л. Яншин 
210 |a Новосибирск  |c Наука  |d 1984 
215 |a 159 с.  |c ил. 
225 1 |a Труды института геологии и геофизики СО АН СССР  |v Вып. 591 
320 |a Библиография в конце статей 
606 |a Соленосные отложения  |x Петрография  |2 stltpush  |3 (RuTPU)RU\TPU\subj\55468  |9 73498 
606 |a Горные породы, карбонатные  |2 stltpush  |3 (RuTPU)RU\TPU\subj\8118  |9 35604 
610 1 |a эвапоритовые формации 
610 1 |a карбонатные формации 
610 1 |a сравнительная характеристика 
610 1 |a формационный анализ 
610 1 |a мезозойские отложения 
610 1 |a Сибирская платформа 
610 1 |a Восточно-Европейская платформа 
610 1 |a Южный Казахстан 
610 1 |a Алтай 
610 1 |a Салаир 
610 1 |a Северный Кавказ 
610 1 |a Северная Африка 
675 |a 552.53  |z rus  |v 3 
675 |a 552.54  |z rus  |v 3 
702 1 |a Яншин  |b А. Л.  |g Александр Леонидович  |4 340 
712 0 2 |a Академия наук СССР (АН СССР)  |b Сибирское отделение (СО)  |b Институт геологии и геофизики (ИГиГ)  |c (Новосибирск)  |2 stltpush  |3 (RuTPU)RU\TPU\col\128 
801 0 |a RU  |b RuMRKP  |c 19950704  |g psbo 
801 1 |a RU  |b 63413507  |c 20150210 
801 2 |a RU  |b 63413507  |c 20171003  |g RCR 
942 |c BK